| Tag |
First Indicator |
Second Indicator |
Subfields |
| LEADER |
00000cam a2200000 a 4500 |
| 001 |
in00002101708 |
| 005 |
20151102192349.0 |
| 008 |
940630s1995 nyu b 001 0 eng |
| 010 |
|
|
|a 94028840
|
| 019 |
|
|
|a 32080698
|
| 020 |
|
|
|a 0688095992
|
| 035 |
|
|
|a (OCoLC)ocm30814246
|
| 040 |
|
|
|a DLC
|c DLC
|d TXA
|d UtOrBLW
|
| 043 |
|
|
|a n-us---
|
| 049 |
|
|
|a TXAM
|
| 050 |
0 |
0 |
|a E185.625
|b .K49 1995
|
| 082 |
0 |
0 |
|a 305.896/073
|2 20
|
| 100 |
1 |
|
|a Keyes, Alan L.
|q (Alan Lee),
|d 1950-
|
| 245 |
1 |
0 |
|a Masters of the dream :
|b the strength and betrayal of Black America /
|c Alan L. Keyes.
|
| 250 |
|
|
|a 1st ed.
|
| 264 |
|
1 |
|a New York :
|b Morrow,
|c [1995]
|
| 264 |
|
4 |
|c ©1995
|
| 300 |
|
|
|a viii, 214 pages ;
|c 22 cm.
|
| 336 |
|
|
|a text
|b txt
|2 rdacontent
|
| 337 |
|
|
|a unmediated
|b n
|2 rdamedia
|
| 338 |
|
|
|a volume
|b nc
|2 rdacarrier
|
| 504 |
|
|
|a Includes bibliographical references (pages 203-207) and index.
|
| 650 |
|
0 |
|a African Americans
|x Race identity.
|
| 650 |
|
0 |
|a African Americans
|x Social conditions
|y 1975-
|
| 994 |
|
|
|a C0
|b TXA
|
| 948 |
|
|
|a cataloged
|b h
|c 2006/2/7
|d c
|e mjackson
|f 11:14:26 am
|
| 999 |
|
|
|a MARS
|
| 999 |
f |
f |
|s e0646671-d5a0-3677-aac9-3f199a0cc724
|i ee9aae53-0c45-3d3d-8b8c-ae2ef7764291
|t 0
|
| 952 |
f |
f |
|p noncirc
|a Texas A&M University
|b College Station
|c Cushing Memorial Library & Archives
|d Cushing: Area Studies/Africana (Does not check out)
|t 0
|e E185.625 .K49 1995
|h Library of Congress classification
|i unmediated -- volume
|
| 998 |
f |
f |
|a E185.625 .K49 1995
|t 0
|l Cushing: Area Studies/Africana (Does not check out)
|